| 000 | 00688nab a2200241 a 4500 | ||
|---|---|---|---|
| 001 | 71363 | ||
| 003 | 145406 | ||
| 005 | 20201118110926.0 | ||
| 008 | ||||||n9999 ||| || || | ||
| 041 | _aspa | ||
| 100 | _aBorja Nino, Manuel Antonio | ||
| 245 | 0 | _aAspectos de la conducencia en lo juridico | |
| 260 |
_aBogotá : _bUniversidad Autónoma de Bucaramanga, _c1999. |
||
| 300 | _app.63-121 | ||
| 562 | _e0 | ||
| 650 | _aANÁLISIS JURÍDICO | ||
| 650 | _aAPLICACION DE LA NORMA | ||
| 650 | _aASPECTOS SOCIOECONOMICOS | ||
| 650 | _aINSTRUMENTOS JURIDICOS | ||
| 650 | _aMETODOLOGIA DEL DERECHO | ||
| 773 |
_070624 _aTemas socio-jurídicos - Vol.17 No.36 |
||
| 942 | _cSART | ||
| 999 |
_c71363 _d71363 |
||